Kalibrácia rozpoznávania emócií používateľa počas testovania používateľského zážitku
Gespeichert in:
| 1. Verfasser: | |
|---|---|
| Weitere Verfasser: | |
| Format: | Manuskript Buch |
| Sprache: | Slowakisch |
| Veröffentlicht: |
2019
|
| Schlagworte: | |
| Online-Zugang: | http://is.stuba.sk/zp/portal_zp.pl?podrobnosti=145567 |
| Tags: |
Keine Tags, Fügen Sie das erste Tag hinzu!
|
MARC
| LEADER | 00000ntm a22000003a 4500 | ||
|---|---|---|---|
| 001 | stuzp75024 | ||
| 003 | SK-STU | ||
| 005 | 20190622212801.0 | ||
| 007 | ta | ||
| 008 | 150427s2015----xo-----f-mn---000-0-slo-d | ||
| 040 | |a STU |b slo | ||
| 041 | 0 | |a slo | |
| 100 | 1 | |a Strásky, Adam |u 070200 |k Z4 |4 aut |U FIIT Fakulta informatiky a informačných technológií |T FIIT Ústav informatiky, informačných systémov a softvérového inžinierstva |X 74243 |U I200 |Y 179 |7 74243 | |
| 242 | 0 | 1 | |a Calibration of recognition of user’s emotion during user experience testing |y eng |
| 245 | 1 | 0 | |a Kalibrácia rozpoznávania emócií používateľa počas testovania používateľského zážitku |
| 260 | |c 2019 | ||
| 650 | 4 | |a Emócia |2 slo | |
| 650 | 4 | |a Kalibrácia |2 slo | |
| 650 | 4 | |a Testovania používateľského zážitku |2 slo | |
| 650 | 4 | |a Emotion |2 eng | |
| 650 | 4 | |a Calibration |2 eng | |
| 650 | 4 | |a User experience testing |2 eng | |
| 700 | 1 | |a Móro, Róbert |u 070200 |k Z1 |4 ths |U FIIT Fakulta informatiky a informačných technológií |T FIIT Ústav informatiky, informačných systémov a softvérového inžinierstva |X 47879 |U I200 |Y 179 |7 47879 | |
| 856 | 4 | |u http://is.stuba.sk/zp/portal_zp.pl?podrobnosti=145567 | |
| 996 | |c I*DP65/19 |l II680 |s P |a 0 |w stuzp75024_0001 | ||